000 00621nam a2200205Ii 4500
003 JO-AjNU
008 230605s9999||||xx |||||||||||||| ||und||
040 _aJO-AjNU
_bara
_erda
_cJO-AjNU
041 _aara
050 1 4 _aPZ90 A7.A3572 1988
100 3 _aنجيب ،احمد,
_eauthor
_917856
245 0 0 _aالنمو اللغوي عند الاطفال
250 _aط6
264 3 1 _aمصر :دار المعارف ،1988
300 _a169ص
336 _atext
_btxt
_2rdacontent
337 _aunmediated
_bn
_2rdamedia
338 _avolume
_bnc
_2rdacarrier
650 4 _aالنمو اللغوي-الاطفال
_917857
999 _aA5603
_c9171
_d9171